000 00312nam a22001337a 4500
008 171020b xxu||||| |||| 00| 0 eng d
020 _a9780131011397
041 _aeng
080 _26 ED
_a338
100 _a54
101 _aMIS
245 _aINFORMATION SYSTEMS IN PRACTICE
_cMCNURIM.B.C
942 _2udc
_cBK
999 _c35081
_d35081